Preliminary assessment of the relative susceptibility of rubberwood to beetle infestations (Record no. 45969)

MARC details
000 -LEADER
fixed length control field 00334nam a2200109Ia 4500
100 ## - MAIN ENTRY--AUTHOR NAME
Personal name Hussein Norhara Bt
245 #0 - TITLE STATEMENT
Title Preliminary assessment of the relative susceptibility of rubberwood to beetle infestations
260 ## - PUBLICATION, DISTRIBUTION, ETC. (IMPRINT)
Name of publisher Malaysian Forester
Year of publication 1981
300 ## - PHYSICAL DESCRIPTION
Number of Pages 482-487
942 ## - ADDED ENTRY ELEMENTS (KOHA)
Koha item type Reprints
Holdings
Withdrawn status Lost status Damaged status Not for loan Home library Current library Date acquired Serial Enumeration / chronology Accession Number Koha item type
      Reprints RRII Library RRII Library 22/12/2021 Volume 44, Issue 4 P0829 Reprints